000 00706nab a2200217 4500
003 BR-BrBNA
005 20250724223303.0
008 250724b bl.||||| |||| 00| 0 por d
040 _aBR-BrBNA
_bpor
072 _aL10 ; L01 ; E70
_b3568
100 _aAttuch, Leonardo
245 _aQuer ter um clone?
_bAgronegócios
500 _a12 illus.
650 _aPECUÁRIA
650 _aCLONAGEM
650 _aPRODUTIVIDADE
650 _aCOMERCIALIZAÇÃO
773 0 _01706
_9347981
_dSão Paulo-SP Editora Três Ltda - E-mail: luizfsa@revistadinheiro.com.br 2004
_o2025-0479
_tDinheiro Rural (Brazil)
_x1807-3700
_gv. 7(75) p. 40-45; (Jan 2011)
_wBR2025001879
942 _cANA
999 _c337318
_d337318